Administración y estrategía / (Registro nro. 5799)
[ vista simple ]
| 000 -LEADER | |
|---|---|
| fixed length control field | 01122nam a2200277Ia 4500 |
| 003 - CONTROL NUMBER IDENTIFIER | |
| control field | OSt |
| 005 - DATE AND TIME OF LATEST TRANSACTION | |
| control field | 20201015162925.0 |
| 008 - FIXED-LENGTH DATA ELEMENTS--GENERAL INFORMATION | |
| fixed length control field | 191128s1992 ar ad gr 000 0 spa d |
| 020 ## - INTERNATIONAL STANDARD BOOK NUMBER | |
| International Standard Book Number | 9505372183 |
| 040 ## - CATALOGING SOURCE | |
| Original cataloging agency | CO-JMCR |
| Transcribing agency | CO-JMCR |
| 041 0# - LANGUAGE CODE | |
| Language code of text/sound track or separate title | spa |
| 082 04 - DEWEY DECIMAL CLASSIFICATION NUMBER | |
| Classification number | 658.4012 / |
| Item number | H275a |
| Edition number | 23 |
| 100 1# - MAIN ENTRY--PERSONAL NAME | |
| Personal name | Hermida, Jorge, |
| Relator term | autor |
| 9 (RLIN) | 11604 |
| 245 10 - TITLE STATEMENT | |
| Title | Administración y estrategía / |
| Statement of responsibility, etc. | Jorge Hermida, Roberto Serra, Eduardo Kastika |
| 250 ## - EDITION STATEMENT | |
| Edition statement | Cuarta edición |
| 260 ## - PUBLICATION, DISTRIBUTION, ETC. | |
| Place of publication, distribution, etc. | Buenos Aires : |
| Name of publisher, distributor, etc. | Ediciones Macchi, |
| Date of publication, distribution, etc. | 1992. |
| 300 ## - PHYSICAL DESCRIPTION | |
| Extent | 575 páginas : |
| Other physical details | ilustraciones, gráficos, diagramas a blanco y negro ; |
| Dimensions | 22 cm. |
| 500 ## - GENERAL NOTE | |
| General note | Subtítulo en tapa: teoría y práctica, Incluye índice de cuadros. |
| 504 ## - BIBLIOGRAPHY, ETC. NOTE | |
| Bibliography, etc. note | Bibliografía: [567]-570. |
| 505 0# - FORMATTED CONTENTS NOTE | |
| Formatted contents note | ¿Qué es la administración? -- La administración tradicional (1900-1970) -- De la administración tradicional a la administración estratégica y competitiva (1970-1990) |
| 650 2A - SUBJECT ADDED ENTRY--TOPICAL TERM | |
| Topical term or geographic name entry element | Planificación estratégica |
| 9 (RLIN) | 262 |
| 650 24 - SUBJECT ADDED ENTRY--TOPICAL TERM | |
| Topical term or geographic name entry element | Administración |
| 9 (RLIN) | 1809 |
| 700 1# - ADDED ENTRY--PERSONAL NAME | |
| Personal name | Serra, Roberto, |
| Relator term | autor |
| 9 (RLIN) | 11605 |
| 700 1# - ADDED ENTRY--PERSONAL NAME | |
| Personal name | Kastika, Eduardo, |
| Relator term | autor |
| 9 (RLIN) | 11606 |
| 942 ## - ADDED ENTRY ELEMENTS (KOHA) | |
| Source of classification or shelving scheme | Dewey Decimal Classification |
| Koha item type | Books |
| Withdrawn status | Lost status | Source of classification or shelving scheme | Materials specified (bound volume or other part) | Damaged status | Not for loan | Home library | Current library | Shelving location | Date acquired | Source of acquisition | Total Checkouts | Full call number | Barcode | Date last seen | Date last checked out | Copy number | Price effective from | Koha item type |
|---|---|---|---|---|---|---|---|---|---|---|---|---|---|---|---|---|---|---|
| Dewey Decimal Classification | Donación--15/04/2018-- | Biblioteca Pública José María del Castillo y Rada | Biblioteca Pública José María del Castillo y Rada | General Stacks | 11/28/2019 | Donación | 2 | 658.4012 / H275a | 430004359 | 09/25/2025 | 09/25/2025 | Ej.1 | 11/28/2019 | Books |